| 000 | 00918nam a2200265 a 4500 | ||
|---|---|---|---|
| 001 | 000014867 | ||
| 005 | 20240508203146.0 | ||
| 008 | 100126s1968 sp 000 0 spa d | ||
| 040 |
_aDO-SdBNP _bspa _cBNPHU |
||
| 041 | 1 | 7 |
_aspa _hfre _2Código de idioma MARC |
| 082 |
_a303.483 _bM614t |
||
| 100 | 1 |
_aMeynaud, Jean, _933679 |
|
| 240 | 1 | 3 |
_aLa tecnocratie. _lEspañol |
| 245 | 1 | 3 |
_aLa tecnocracia : _b¿mito o realidad? / _cJean Meynaud ; traducción de José Blasco. |
| 260 |
_aMadrid : _bTecnos, _c1968. |
||
| 300 |
_a393 p. ; _c23 cm. |
||
| 490 | 1 |
_aCiencias Sociales _aCiencia Política |
|
| 534 |
_pTítulo original en francés: _tLa tecnocratie, _cParís: Payot |
||
| 650 | 4 |
_aTecnocracia _933680 |
|
| 650 | 0 |
_aTecnología _925821 |
|
| 650 | 4 |
_aDesarrollo científico y tecnológico _98576 |
|
| 700 | 1 |
_aBlasco, Josés, _etr. _933681 |
|
| 830 | 0 |
_aCiencias Sociales ; _pCiencia Política _933682 |
|
| 049 | _aBNGR | ||
| 999 |
_c14447 _d14447 |
||